000 00939nmm a2200277 a 4500
001 ocm000786400
003 TR-IsHL
005 20201028124026.0
008 130902s2011 tu tur
007 cr cn
035 _a786400
_b(N$T)
050 0 4 _aHF5549
_b.Ş56 2011
090 0 4 _aHF5549
_b.Ş56 2011
100 1 _aŞimşek, M. Şerif
245 1 0 _aİnsan kaynakları yönetimi
_h[electronic resource] /
_cM. Şerif Şimşek ; H. Serdar Öge
250 _a1.bs.
260 _aKonya :
_bEğitim Akademi Yayınevi,
_c2011
300 _a464 p.
650 4 _aİşletme ve Yönetim
650 4 _aBusiness and Management
650 0 _aİnsan kaynakları yönetimi
650 0 _aHuman resource management
650 7 _aBUSINESS & ECONOMICS / Human Resources & Personnel Management
_2bisacsh
700 1 _aÖge, H. Serdar
856 4 0 _uhttp://search.ebscohost.com/login.aspx?direct=true&scope=site&db=e011xww&AN=786400
999 _c2730
_d2730